[Event "Montreal op U2000"]
[Site "Montreal CAN"]
[Date "2016.09.10"]
[Round "2.6"]
[White "Desmarais, Serge"]
[Black "Langlois-Remillard, Alexis"]
[Result "0-1"]
[WhiteElo "1730"]
[BlackElo "1873"]
[PlyCount "60"]
[EventDate "2016.09.09"]
[EventType "swiss"]
[EventRounds "5"]
[EventCountry "CAN"]

1. c4 c5 2. Nc3 b6 3. g3 Bb7 4. Nf3 Nf6 5. Bg2 e6 6. O-O Be7 7. d4 cxd4 8. Nxd4
Bxg2 9. Kxg2 d6 10. Qa4+ Qd7 11. Ndb5 O-O 12. Rd1 Qb7+ 13. f3 Rd8 14. Bg5 a6
15. Nd4 h6 16. Be3 d5 17. cxd5 Nxd5 18. Nxd5 Rxd5 19. Rac1 b5 20. Qb3 Nd7 21.
Nc6 Rxd1 22. Nxe7+ Kf8 23. Ng6+ fxg6 24. Rxd1 Kf7 25. Rd6 Re8 26. Qd3 Re7 27.
Bf4 Nf6 28. e4 Qc7 29. Rxa6 Rd7 30. Ra7 Qxa7 0-1

[Event "Montreal op U2000"]
[Site "Montreal CAN"]
[Date "2016.09.10"]
[Round "2.7"]
[White "Ma, Indy"]
[Black "Oroczo, Joey"]
[Result "1-0"]
[WhiteElo "1717"]
[BlackElo "1841"]
[PlyCount "117"]
[EventDate "2016.09.09"]
[EventType "swiss"]
[EventRounds "5"]
[EventCountry "CAN"]

1. d4 Nf6 2. c4 g6 3. Nc3 d5 4. cxd5 Nxd5 5. e4 Nxc3 6. bxc3 c5 7. Nf3 Bg7 8.
Rb1 Qa5 9. Bd2 a6 10. Qb3 O-O 11. Bd3 Qd8 12. Qb6 cxd4 13. cxd4 Nc6 14. d5 Nd4
15. Qxd8 Rxd8 16. Nxd4 Bxd4 17. Ke2 b6 18. Bf4 Rd7 19. Rhc1 Bc5 20. a4 Rb7 21.
a5 Kg7 22. Rc3 g5 23. Bxg5 Bd6 24. Rxb6 Rxb6 25. axb6 Rb8 26. Be3 Bb7 27. Bc5
Rc8 28. Bxd6 exd6 29. Rc7 Rxc7 30. bxc7 Kf6 31. e5+ Kxe5 32. Bxh7 Bc8 33. Kd3
Kxd5 34. Be4+ Ke5 35. g4 Bxg4 36. Bb7 a5 37. c8=Q Bxc8 38. Bxc8 Kf4 39. Bd7 f5
40. h4 Kg4 41. h5 Kxh5 42. Bxf5 a4 43. Kc3 Kg5 44. Be4 Kf4 45. Bh1 Ke5 46. Kb4
d5 47. Kxa4 Kd4 48. Kb3 Ke5 49. Kc3 Kf4 50. Bxd5 Ke5 51. Bb7 Kf4 52. Kd4 Kf5
53. Kd5 Kf6 54. Ke4 Ke6 55. f4 Kf6 56. Bd5 Ke7 57. Ke5 Kd7 58. Kf6 Kd6 59. Kg7
1-0

[Event "Montreal op U2000"]
[Site "Montreal CAN"]
[Date "2016.09.10"]
[Round "2.8"]
[White "Duplessis, Jean-Roch"]
[Black "Mangahas, Ronald"]
[Result "0-1"]
[WhiteElo "1669"]
[BlackElo "1834"]
[PlyCount "90"]
[EventDate "2016.09.09"]
[EventType "swiss"]
[EventRounds "5"]
[EventCountry "CAN"]

1. e4 c5 2. Nf3 d6 3. Bb5+ Nd7 4. O-O Ngf6 5. Re1 e6 6. Nc3 Be7 7. d4 O-O 8. e5
Ne8 9. d5 Nxe5 10. Nxe5 dxe5 11. Rxe5 Bf6 12. Rh5 g6 13. Rh3 exd5 14. Rd3 d4
15. Bh6 Bg7 16. Bxg7 Kxg7 17. Bxe8 Rxe8 18. Ne2 Qe7 19. Ng3 Be6 20. b3 h5 21.
h3 h4 22. Nf1 Bf5 23. Rd2 Qg5 24. Kh1 Be4 25. f3 Bc6 26. a4 Re6 27. Rf2 Rae8
28. f4 Qf5 29. Qd2 Re4 30. Kh2 Qe6 31. f5 Qe5+ 32. Kg1 Re2 33. f6+ Kh7 34. Rxe2
Qxe2 35. Qg5 Re4 36. Nd2 Qe3+ 37. Qxe3 Rxe3 38. Rf1 Re2 39. Rf2 Rxf2 40. Kxf2
Kh6 41. Nc4 Kg5 42. Ne5 Kxf6 43. Nxc6 bxc6 44. Ke2 Ke5 45. Kd3 Kd5 0-1

[Event "Montreal op U2000"]
[Site "Montreal CAN"]
[Date "2016.09.10"]
[Round "2.9"]
[White "Goldner, John"]
[Black "Zhong, Kevin"]
[Result "1/2-1/2"]
[WhiteElo "1824"]
[BlackElo "1652"]
[PlyCount "71"]
[EventDate "2016.09.09"]
[EventType "swiss"]
[EventRounds "5"]
[EventCountry "CAN"]

1. e4 c5 2. Nf3 Nc6 3. d4 cxd4 4. Nxd4 g6 5. c4 Nf6 6. Nc3 d6 7. Be2 Nxd4 8.
Qxd4 Bg7 9. Qd3 O-O 10. O-O Be6 11. Rb1 Nd7 12. Nd5 Nb6 13. Qg3 Nxd5 14. cxd5
Bd7 15. Be3 f5 16. f3 Qa5 17. Bg5 Rae8 18. a3 Qa4 19. Rfc1 fxe4 20. Rc4 Qb3 21.
fxe4 Qxg3 22. hxg3 Bb5 23. Rc2 Bxe2 24. Rxe2 Bf6 25. Be3 b6 26. Bh6 Bg7 27.
Bxg7 Kxg7 28. Rc1 Rc8 29. Rec2 Rxc2 30. Rxc2 Rf7 31. Rc6 Kf6 32. Kf2 Ke5+ 33.
Ke3 e6 34. dxe6 Kxe6 35. Rc1 Ke5 36. b3 1/2-1/2

[Event "Montreal op U2000"]
[Site "Montreal CAN"]
[Date "2016.09.10"]
[Round "2.10"]
[White "Cui, Leonardo"]
[Black "Lalonde, Jean-Louis"]
[Result "1/2-1/2"]
[WhiteElo "1642"]
[BlackElo "1824"]
[PlyCount "121"]
[EventDate "2016.09.09"]
[EventType "swiss"]
[EventRounds "5"]
[EventCountry "CAN"]

1. Nf3 Nf6 2. d4 g6 3. e3 Bg7 4. Bd3 O-O 5. O-O b6 6. Nbd2 Bb7 7. b3 d6 8. Bb2
Nbd7 9. Re1 c5 10. Qe2 d5 11. Ne5 Ne4 12. f4 Nxd2 13. Nxd7 Qxd7 14. Qxd2 Rac8
15. Qe2 Rc7 16. Rad1 Qc8 17. c4 e6 18. dxc5 Bxb2 19. cxb6 axb6 20. Qxb2 dxc4
21. bxc4 Rc6 22. Qb3 Qc7 23. Be4 Rc5 24. Bxb7 Qxb7 25. Rd6 b5 26. Rb1 Qc7 27.
Rbd1 bxc4 28. Qc3 Qa7 29. Rd8 Rc8 30. Rxf8+ Rxf8 31. Qxc4 Qxe3+ 32. Kf1 Rb8 33.
Qd4 Qa3 34. Qd6 Qa7 35. Rc1 Ra8 36. Ra1 Qa4 37. Qd2 h5 38. a3 Qc4+ 39. Kf2 Qc5+
40. Qe3 Qf5 41. Rc1 e5 42. Qxe5 Qxe5 43. fxe5 Rxa3 44. Re1 Ra6 45. Kg3 Kg7 46.
Kf4 Ra4+ 47. Re4 Ra2 48. Kf3 Ra3+ 49. Kf4 Ra2 50. Kf3 Kf8 51. e6 fxe6 52. Rxe6
Kf7 53. Re2 Rxe2 54. Kxe2 Kf6 55. Kf3 Kf5 56. h3 h4 57. g4+ Ke5 58. Ke3 g5 59.
Kf3 Kd4 60. Kf2 Ke4 61. Ke2 1/2-1/2

[Event "Montreal op U2000"]
[Site "Montreal CAN"]
[Date "2016.09.10"]
[Round "2.12"]
[White "Guipi Bopala, Prince Eric jr"]
[Black "Lalumiere, Etienne"]
[Result "0-1"]
[WhiteElo "1802"]
[BlackElo "1595"]
[PlyCount "118"]
[EventDate "2016.09.09"]
[EventType "swiss"]
[EventRounds "5"]
[EventCountry "CAN"]

1. d4 d5 2. c4 c6 3. Nf3 Nf6 4. e3 e6 5. Nc3 Nbd7 6. Qc2 a6 7. b3 Be7 8. Bb2 b5
9. Bd3 bxc4 10. bxc4 dxc4 11. Bxc4 Nb6 12. Bd3 c5 13. dxc5 Bxc5 14. O-O Nbd7
15. Rfd1 Bb6 16. Ba3 Qc7 17. Rac1 Bb7 18. Be2 Rc8 19. Qb2 Bc5 20. Bxc5 Nxc5 21.
Qa3 Qe7 22. Na4 Nfd7 23. Nxc5 Nxc5 24. Rd2 Nd7 25. Rxc8+ Bxc8 26. Qc3 O-O 27.
Qc7 Qe8 28. Qa7 Nf6 29. Rd4 Qc6 30. Ne5 Qc2 31. Bf1 Qxa2 32. Qe7 Qa5 33. Nc6
Qb6 34. Nd8 Nd5 35. Qh4 Qxd8 36. Qxd8 Rxd8 37. e4 Kf8 38. exd5 exd5 39. Ra4 Rd6
40. Rb4 Ke7 41. Rb8 Kd7 42. Ra8 Kc7 43. Ra7+ Bb7 44. Bxa6 Rxa6 45. Rxa6 Bxa6
46. f3 d4 47. Kf2 Kd6 48. Ke1 Kc5 49. Kd2 Kc4 50. h4 d3 51. g4 Kd4 52. h5 h6
53. f4 Ke4 54. g5 Kxf4 55. gxh6 gxh6 56. Kd1 Kf3 57. Ke1 d2+ 58. Kd1 Be2+ 59.
Kc2 d1=Q+ 0-1

[Event "Montreal op U2000"]
[Site "Montreal CAN"]
[Date "2016.09.10"]
[Round "2.13"]
[White "Potvin, Alain-Nicolas"]
[Black "Mathews, Theo"]
[Result "1/2-1/2"]
[WhiteElo "1799"]
[BlackElo "1583"]
[PlyCount "74"]
[EventDate "2016.09.09"]
[EventType "swiss"]
[EventRounds "5"]
[EventCountry "CAN"]

1. d4 d5 2. Nf3 f5 3. e3 Nf6 4. Bd3 e6 5. b3 Nc6 6. Bb2 Be7 7. O-O O-O 8. Nbd2
Ne4 9. a3 Bd7 10. c4 Be8 11. Ne5 Nxe5 12. dxe5 Bc6 13. Nf3 b6 14. Nd4 Bd7 15.
cxd5 exd5 16. f3 Nc5 17. Bc2 g6 18. b4 Ne6 19. Bb3 c6 20. Rc1 Rc8 21. b5 Nxd4
22. Qxd4 Bc5 23. Bxd5+ cxd5 24. Qxd5+ Rf7 25. e6 Bxe6 26. Qxe6 Qe8 27. Qxe8+
Rxe8 28. Rfe1 Rfe7 29. Rc3 Rxe3 30. Rcxe3 Rxe3 31. Rxe3 Bxe3+ 32. Kf1 Bf4 33.
g3 Bd6 34. Ke2 Kf7 35. Kd3 Ke6 36. a4 Kd5 37. Bd4 f4 {...} 1/2-1/2

[Event "Montreal op U2000"]
[Site "Montreal CAN"]
[Date "2016.09.10"]
[Round "2.17"]
[White "Desjardins, Michel"]
[Black "Ostaci, Liviu"]
[Result "1-0"]
[WhiteElo "1931"]
[BlackElo "1608"]
[PlyCount "73"]
[EventDate "2016.09.09"]
[EventType "swiss"]
[EventRounds "5"]
[EventCountry "CAN"]

1. e4 c6 2. d4 d5 3. exd5 cxd5 4. Bd3 Nc6 5. c3 Nf6 6. Bf4 Bg4 7. Qb3 Qb6 8.
Qxb6 axb6 9. Bc7 Nd7 10. Nd2 Rc8 11. Bg3 e6 12. Ngf3 Be7 13. O-O O-O 14. Rfe1
Bh5 15. Bb5 Rfd8 16. h3 Na7 17. Bd3 Bg6 18. Bxg6 hxg6 19. Ne5 Nxe5 20. Bxe5 Bd6
21. Nf3 Bxe5 22. Nxe5 Nb5 23. Nd3 Nd6 24. f3 Nc4 25. Kf2 Rc7 26. Re2 Ra8 27. a3
Rac8 28. h4 Nd6 29. Rh1 Ne8 30. h5 Kh7 31. hxg6+ Kxg6 32. Re5 Kf6 33. Nf4 Rd7
34. g4 g6 35. Rh7 g5 36. Nxe6 Kg6 37. Nf8+ 1-0

[Event "Montreal op U2000"]
[Site "Montreal CAN"]
[Date "2016.09.10"]
[Round "2.18"]
[White "Lima-Barbosa, Raphael"]
[Black "Leblanc, Paul"]
[Result "0-1"]
[WhiteElo "1647"]
[BlackElo "1910"]
[PlyCount "32"]
[EventDate "2016.09.09"]
[EventType "swiss"]
[EventRounds "5"]
[EventCountry "CAN"]

1. d4 d5 2. c4 c6 3. Nc3 Nf6 4. Bf4 a6 5. a4 Bf5 6. e3 e6 7. Qb3 Ra7 8. a5 Nbd7
9. Nf3 Be7 10. Be2 O-O 11. h3 h6 12. O-O Ne4 13. Ne1 Nd2 14. Qa4 Nf6 15. f3
Nxf1 16. Bxf1 Bd6 0-1

[Event "Montreal op U2000"]
[Site "Montreal CAN"]
[Date "2016.09.10"]
[Round "2.20"]
[White "Xu, Daniel"]
[Black "Uthayakumar, Ronan"]
[Result "1/2-1/2"]
[WhiteElo "1607"]
[BlackElo "1849"]
[PlyCount "131"]
[EventDate "2016.09.09"]
[EventType "swiss"]
[EventRounds "5"]
[EventCountry "CAN"]

1. e4 c5 2. c3 Nf6 3. e5 Nd5 4. d4 cxd4 5. cxd4 Nc6 6. Nf3 d6 7. Qb3 Nb6 8. Bb5
Bg4 9. d5 a6 10. dxc6 axb5 11. cxb7 Rb8 12. Qxb5+ Bd7 13. Qa6 Bc6 14. exd6 exd6
15. Be3 Rxb7 16. Nbd2 Bxf3 17. Nxf3 Rb8 18. O-O Be7 19. Nd4 Qc8 20. Qxc8+ Rxc8
21. Rfc1 Kd7 22. Nf5 Nd5 23. Nxe7 Nxe7 24. Bd4 f6 25. a4 Rxc1+ 26. Rxc1 Ra8 27.
Ra1 Kc6 28. Kf1 Kd5 29. Bb6 Kc4 30. Ra3 Nd5 31. a5 Rb8 32. Be3 Rxb2 33. a6
Nxe3+ 34. fxe3 Rb8 35. a7 Ra8 36. Ke2 Kc5 37. Kd3 Kb4 38. Ra6 Kb5 39. Ra1 Kc5
40. e4 g6 41. g4 Kc6 42. Kd4 Kd7 43. Kd5 h5 44. h3 hxg4 45. hxg4 g5 46. Ra6 Ke7
47. Kc6 Ke6 48. Kb7 Rxa7+ 49. Kxa7 Ke5 50. Kb7 Kxe4 51. Rxd6 f5 52. gxf5 Kxf5
53. Kc6 Kf4 54. Rf6+ Ke4 55. Kd6 g4 56. Rf1 g3 57. Rg1 Kf3 58. Rf1+ Ke2 59. Rg1
Kf2 60. Ra1 g2 61. Ra2+ Kf1 62. Ra1+ Kf2 63. Ra2+ Kg3 64. Ra3+ Kh2 65. Ra2 Kh1
66. Ra1+ 1/2-1/2

[Event "Montreal op U2000"]
[Site "Montreal CAN"]
[Date "2016.09.10"]
[Round "2.21"]
[White "Omichi, Haruaki"]
[Black "Saine, Zachary"]
[Result "0-1"]
[WhiteElo "1569"]
[BlackElo "1822"]
[PlyCount "90"]
[EventDate "2016.09.09"]
[EventType "swiss"]
[EventRounds "5"]
[EventCountry "CAN"]

1. e4 e5 2. Nf3 Nc6 3. Nc3 Bc5 4. Bc4 d6 5. h3 Be6 6. Bb3 h6 7. d3 Qd7 8. Be3
Nd4 9. Bxd4 exd4 10. Ne2 Bxb3 11. axb3 O-O-O 12. Nexd4 d5 13. e5 Ne7 14. c3 Bb6
15. Nc2 d4 16. c4 c5 17. Na3 Nc6 18. Nb5 Rhe8 19. Qe2 Qe6 20. O-O a6 21. Na3
Nxe5 22. Nxe5 Qxe5 23. Qxe5 Rxe5 24. Rfe1 Rde8 25. Kf1 Ba5 26. Rxe5 Rxe5 27.
Nc2 Bd2 28. Ne1 Re6 29. Rd1 Bg5 30. Nf3 Rb6 31. Re1 Rxb3 32. Re5 b6 33. Nxg5
hxg5 34. Re7 Rxb2 35. Rxf7 b5 36. Rf5 Kb7 37. Rxc5 b4 38. Ra5 Kb6 39. Ra1 b3
40. Ra3 a5 41. g3 Rb1+ 42. Kg2 b2 43. Rb3+ Kc6 44. f4 a4 45. Rb4 a3 0-1

[Event "Montreal op U2000"]
[Site "Montreal CAN"]
[Date "2016.09.10"]
[Round "2.22"]
[White "Bolduc, Olivier"]
[Black "Zhong, Wenxuan"]
[Result "1-0"]
[WhiteElo "1495"]
[BlackElo "1805"]
[PlyCount "119"]
[EventDate "2016.09.09"]
[EventType "swiss"]
[EventRounds "5"]
[EventCountry "CAN"]

1. d4 Nf6 2. Bg5 d5 3. Nf3 Bf5 4. e3 h6 5. Bxf6 exf6 6. c4 c6 7. Nc3 Be7 8.
cxd5 Qb6 9. Qb3 Qxb3 10. axb3 Bb4 11. dxc6 Nxc6 12. Bb5 O-O 13. Bxc6 bxc6 14.
O-O Be6 15. Ra6 c5 16. Rfa1 Bxb3 17. Rxa7 Rad8 18. h3 cxd4 19. Nxd4 Be6 20.
Nxe6 fxe6 21. Rb7 Bxc3 22. bxc3 Rf7 23. Rxf7 Kxf7 24. c4 Rc8 25. Rc1 e5 26. Kf1
Ke6 27. Ke2 e4 28. Kd2 Kd6 29. Kc3 Rc5 30. Kb4 Rg5 31. g4 h5 32. gxh5 Rxh5 33.
Rd1+ Kc6 34. Rd4 f5 35. c5 Rxh3 36. Rd6+ Kc7 37. Kb5 Rh6 38. Rd5 Rf6 39. Rd4 g6
40. Ra4 Kb7 41. Rb4 Kc7 42. Kc4 Re6 43. Kd5 Rc6 44. Rb1 Rf6 45. Rh1 f4 46. Rh7+
Kc8 47. Re7 fxe3 48. fxe3 Kd8 49. Rxe4 Kd7 50. Ra4 Rf5+ 51. Kd4 g5 52. e4 Rf6
53. Kd5 Rg6 54. e5 g4 55. Ra7+ Ke8 56. c6 g3 57. e6 g2 58. c7 Rg5+ 59. Kd6 Rc5
60. Ra8# 1-0

[Event "Montreal op U2000"]
[Site "Montreal CAN"]
[Date "2016.09.10"]
[Round "2.23"]
[White "Lessard, Sylvain"]
[Black "Richard, Leo"]
[Result "1/2-1/2"]
[WhiteElo "1757"]
[BlackElo "1481"]
[PlyCount "54"]
[EventDate "2016.09.09"]
[EventType "swiss"]
[EventRounds "5"]
[EventCountry "CAN"]

1. c4 e5 2. Nc3 Nf6 3. Nf3 Nc6 4. d4 exd4 5. Nxd4 Bb4 6. Bg5 Bxc3+ 7. bxc3 h6
8. Bh4 O-O 9. e3 Ne5 10. Be2 Ng6 11. Bg3 Ne4 12. Qc2 Nxg3 13. hxg3 d6 14. Rb1
c5 15. Nf3 Rb8 16. O-O Qe7 17. Rfd1 Rd8 18. Qa4 a6 19. Qa5 Bd7 20. Rd2 Bc6 21.
Rbd1 Rd7 22. Qa3 Rbd8 23. Qb3 Kh8 24. a4 Kg8 25. a5 Kh8 26. Qc2 Kg8 27. Qf5 Kh8
1/2-1/2

[Event "Montreal op U2000"]
[Site "Montreal CAN"]
[Date "2016.09.10"]
[Round "2.29"]
[White "Turgeon, Yoakim"]
[Black "Sahuguet, Nicolas"]
[Result "0-1"]
[WhiteElo "1652"]
[BlackElo "1963"]
[PlyCount "106"]
[EventDate "2016.09.09"]
[EventType "swiss"]
[EventRounds "5"]
[EventCountry "CAN"]

1. d4 d5 2. e3 Nf6 3. Bd3 g6 4. f4 Bg7 5. Nf3 O-O 6. O-O c6 7. Ne5 Ne4 8. Nd2
Nd6 9. e4 dxe4 10. Bxe4 Nxe4 11. Nxe4 Nd7 12. c3 Nf6 13. Ng3 e6 14. Qc2 Qc7 15.
Ne4 b6 16. Be3 Bb7 17. Nd2 Nd5 18. Rfe1 Rac8 19. Nb3 Rfd8 20. a4 a5 21. Rad1
Qe7 22. c4 Nxe3 23. Rxe3 Qb4 24. Nd3 Qe7 25. Ne5 Qc7 26. c5 b5 27. axb5 cxb5
28. Qc3 a4 29. Na5 Bd5 30. b4 axb3 31. Nxb3 f6 32. Nd3 Bc4 33. Nbc1 Qd7 34. Nb2
Bd5 35. Qb4 Bc6 36. Nb3 Qd5 37. Re2 Bh6 38. Nd3 Ra8 39. Na5 Be8 40. Nb3 Ra4 41.
Qc3 Bc6 42. Nb4 Qh5 43. Qe1 Rxb4 44. Na5 Bd5 45. Red2 Bxf4 46. g4 Qxg4+ 47. Kf1
Bxd2 48. Qxd2 Qf3+ 49. Ke1 Qh1+ 50. Kf2 Qg2+ 51. Ke1 Qg1+ 52. Ke2 Qxh2+ 53. Kf1
Qxd2 0-1

[Event "Montreal op U2000"]
[Site "Montreal CAN"]
[Date "2016.09.10"]
[Round "2.31"]
[White "Brassard, Sylvain"]
[Black "O'Connor, Michael"]
[Result "1-0"]
[WhiteElo "1873"]
[BlackElo "1715"]
[PlyCount "97"]
[EventDate "2016.09.09"]
[EventType "swiss"]
[EventRounds "5"]
[EventCountry "CAN"]

1. d4 f5 2. g3 Nf6 3. Bg2 g6 4. c4 Bg7 5. Nc3 d6 6. Nh3 O-O 7. Bg5 c6 8. Bxf6
Bxf6 9. Qd2 e5 10. dxe5 dxe5 11. Qxd8 Rxd8 12. Rd1 Rxd1+ 13. Kxd1 Be6 14. b3
Na6 15. a3 h6 16. Kc2 Rd8 17. Rd1 Rxd1 18. Kxd1 Be7 19. a4 g5 20. Ng1 Bc5 21.
e3 Nb4 22. Kd2 Kf7 23. Nge2 Kf6 24. g4 Na6 25. gxf5 Bxf5 26. Ng3 Bb4 27. Nxf5
Kxf5 28. Kc2 Bxc3 29. Kxc3 Nc5 30. f3 h5 31. a5 g4 32. b4 Nd7 33. fxg4+ Kxg4
34. a6 e4 35. axb7 Nb8 36. Kd4 Na6 37. Kxe4 c5 38. b5 Nb8 39. Kd5 a5 40. bxa6
Nxa6 41. e4 Kg5 42. e5 Kg6 43. Kd6 Kf7 44. h4 Ke8 45. Bf3 Kd8 46. Bxh5 Nb8 47.
e6 Nc6 48. Kxc6 Ke7 49. b8=Q 1-0

[Event "Montreal op U2000"]
[Site "Montreal CAN"]
[Date "2016.09.10"]
[Round "2.32"]
[White "Joanis, Marc-Andre"]
[Black "Robillard, Jean-Philippe"]
[Result "0-1"]
[WhiteElo "1865"]
[BlackElo "1636"]
[PlyCount "162"]
[EventDate "2016.09.09"]
[EventType "swiss"]
[EventRounds "5"]
[EventCountry "CAN"]

1. Nf3 Nf6 2. c4 c5 3. Nc3 g6 4. g3 Bg7 5. d4 O-O 6. Bg2 d6 7. O-O Na6 8. h3
Rb8 9. Be3 b6 10. Rc1 Nc7 11. Qd2 Re8 12. Rfd1 Bb7 13. dxc5 bxc5 14. b3 Qc8 15.
Ne1 Qf5 16. Qd3 Qc8 17. Bxb7 Rxb7 18. Kg2 Nd7 19. Nf3 a5 20. Na4 Na6 21. Nc3
Nb4 22. Qd2 Qc6 23. Nd5 a4 24. Rb1 axb3 25. axb3 Ne5 26. Nxe5 Bxe5 27. f3 Ra8
28. h4 Ra2 29. Nxb4 Rxd2 30. Nxc6 Rxe2+ 31. Bf2 Bc3 32. Rd3 Rc2 33. b4 Bxb4 34.
Nxb4 cxb4 35. Rdb3 Rxc4 36. Be1 Rc2+ 37. Kh3 Re2 38. Rxb4 Rc7 39. R4b2 Re3 40.
Kg2 f6 41. Bf2 Re5 42. Re1 Rd5 43. Rbe2 Kf7 44. f4 h5 45. Re6 Rd2 46. Kf1 Kf8
47. Bb6 Rc3 48. R6e3 Rxe3 49. Rxe3 e5 50. fxe5 fxe5 51. Re2 Rd1+ 52. Kf2 Ke7
53. Ke3 Rb1 54. Ba5 Rb3+ 55. Kf2 Ke6 56. Bd2 Kf5 57. Re3 Rb2 58. Rd3 Ke6 59.
Ke2 d5 60. Ra3 d4 61. Ra6+ Kf5 62. Rd6 Rb3 63. Kf2 Rd3 64. Be1 e4 65. Rd5+ Ke6
66. Rg5 Rf3+ 67. Kg2 Rf6 68. Ra5 Rf7 69. Ra6+ Kd5 70. Rxg6 e3 71. Ra6 Kc4 72.
Ra3 d3 73. Rc3+ Kd4 74. Rc8 d2 75. Rd8+ Kc3 76. Rc8+ Kd3 77. Rd8+ Ke2 78. Bxd2
exd2 79. Rxd2+ Kxd2 80. g4 hxg4 81. Kg3 Rg7 0-1

[Event "Montreal op U2000"]
[Site "Montreal CAN"]
[Date "2016.09.10"]
[Round "2.34"]
[White "Steinberg, Ellis"]
[Black "Tsanaclis, Albert"]
[Result "0-1"]
[WhiteElo "1840"]
[BlackElo "1615"]
[PlyCount "136"]
[EventDate "2016.09.09"]
[EventType "swiss"]
[EventRounds "5"]
[EventCountry "CAN"]

1. e4 c5 2. Nf3 Nc6 3. d4 cxd4 4. Nxd4 g6 5. Be3 Nf6 6. Nxc6 bxc6 7. f3 Bg7 8.
Nc3 Qc7 9. Bc4 Rb8 10. Qd2 O-O 11. O-O d6 12. Qf2 Nd7 13. Rab1 Rb4 14. Bb3 Ba6
15. Rfd1 Ne5 16. Bxa7 c5 17. Nd5 Qb7 18. Nxb4 Qxb4 19. c3 Qa5 20. f4 Ng4 21.
Qh4 Bc8 22. Qxe7 Bf6 23. Bb6 Qxb6 24. Rxd6 Bxe7 25. Rxb6 c4 26. Rc6 cxb3 27.
axb3 Rd8 28. h3 Nh6 29. Kf2 Kg7 30. g4 Bb7 31. Rc7 Bh4+ 32. Ke3 Ba6 33. Ra1
Rd3+ 34. Ke2 Rxc3+ 35. Rxa6 Rxc7 36. f5 gxf5 37. gxf5 Rc2+ 38. Kd3 Rxb2 39. Kc3
Rh2 40. Kd4 Rxh3 41. b4 Bf6+ 42. e5 Nxf5+ 43. Ke4 Ng3+ 44. Kf3 Bxe5 45. Ra5 f6
46. b5 Nf5+ 47. Kg4 Rh4+ 48. Kxf5 Rb4 49. Ra7+ Kh6 50. Rb7 Rf4+ 51. Ke6 Kg6 52.
Rd7 Rd4 53. Ra7 Rb4 54. Rb7 h5 55. Kd5 h4 56. Kc5 Rb1 57. Rd7 h3 58. Rd2 h2 59.
Rg2+ Kf7 60. Ra2 h1=Q 61. Ra7+ Kg6 62. Rd7 Qg1+ 63. Kc6 Qc1+ 64. Kb6 Qe3+ 65.
Kc6 Qc3+ 66. Kb6 Bd4+ 67. Ka6 Qc8+ 68. Rb7 Ra1# 0-1

[Event "Montreal op U2000"]
[Site "Montreal CAN"]
[Date "2016.09.10"]
[Round "2.36"]
[White "Tanaka, Tyler"]
[Black "Cote, Claude"]
[Result "1-0"]
[WhiteElo "1813"]
[BlackElo "1566"]
[PlyCount "81"]
[EventDate "2016.09.09"]
[EventType "swiss"]
[EventRounds "5"]
[EventCountry "CAN"]

1. e4 c5 2. Nf3 d6 3. d4 cxd4 4. Nxd4 Nc6 5. c4 e5 6. Nb5 a6 7. N5a3 Nf6 8. Nc3
Be7 9. Bg5 Nd4 10. Bxf6 Bxf6 11. Nc2 Ne6 12. Nd5 Nf4 13. Nce3 Nxd5 14. Nxd5 O-O
15. Be2 Bd7 16. O-O Bc6 17. Qd3 Bxd5 18. Qxd5 Qb6 19. b3 Bd8 20. Rad1 Be7 21.
Kh1 Rac8 22. Bh5 g6 23. Be2 Rc5 24. Qd3 Qc7 25. Qf3 Re8 26. Qd3 a5 27. a3 Ra8
28. f4 exf4 29. Rxf4 Re5 30. Rdf1 Rf8 31. b4 axb4 32. axb4 Qd8 33. Qb3 Qe8 34.
Bd3 b6 35. c5 dxc5 36. Bc4 Kh8 37. Rxf7 Rxf7 38. Rxf7 Rxe4 39. Qc3+ Rd4 40. Qe1
Rxc4 41. Qe5+ 1-0

[Event "Montreal op U2000"]
[Site "Montreal CAN"]
[Date "2016.09.10"]
[Round "2.37"]
[White "Roy, Stephane"]
[Black "Cisse, Lamine"]
[Result "1/2-1/2"]
[WhiteElo "1588"]
[BlackElo "1800"]
[PlyCount "112"]
[EventDate "2016.09.09"]
[EventType "swiss"]
[EventRounds "5"]
[EventCountry "CAN"]

1. Nf3 d5 2. e3 e6 3. c4 c6 4. b3 Nf6 5. Bb2 Bd6 6. Qc2 Nbd7 7. Nc3 O-O 8. Bd3
e5 9. Ng5 e4 10. Be2 Ne5 11. f4 exf3 12. gxf3 h6 13. h4 dxc4 14. bxc4 Ng6 15.
Nge4 Bf5 16. O-O-O b5 17. Rdg1 Ne5 18. Nxf6+ Qxf6 19. Ne4 Qe7 20. f4 Ng6 21.
Bd3 Ba3 22. h5 Bxb2+ 23. Qxb2 Bxe4 24. Bxe4 Qxe4 25. hxg6 fxg6 26. cxb5 cxb5
27. Rh3 Rac8+ 28. Kd1 Rc4 29. Rhg3 Rb4 30. Qc3 Rb1+ 31. Ke2 Rxg1 32. Rxg1 Rxf4
33. Qb3+ Qc4+ 34. Qxc4+ Rxc4 35. Rxg6 Rc2 36. Ra6 Rc7 37. Ra5 Rb7 38. e4 h5 39.
d4 Kf7 40. Ra6 Re7 41. Kf3 Rc7 42. Kf4 g6 43. Kg5 Rd7 44. Rf6+ Ke7 45. d5 Rd6
46. Rxd6 Kxd6 47. Kf6 h4 48. e5+ Kd7 49. Kf7 h3 50. e6+ Kd6 51. e7 h2 52. e8=Q
h1=Q 53. Qb8+ Kc5 54. Qxa7+ Kc4 55. Qc7+ Kd4 56. Qb6+ Kc4 1/2-1/2

[Event "Montreal op U2000"]
[Site "Montreal CAN"]
[Date "2016.09.10"]
[Round "2.38"]
[White "Pregent, Daniel"]
[Black "Tsypin, Allison"]
[Result "0-1"]
[WhiteElo "1735"]
[BlackElo "1508"]
[PlyCount "84"]
[EventDate "2016.09.09"]
[EventType "swiss"]
[EventRounds "5"]
[EventCountry "CAN"]

1. d4 d5 2. c4 c6 3. Nf3 Nf6 4. Nc3 Bf5 5. e3 e6 6. Bd3 Bxd3 7. Qxd3 Be7 8. e4
O-O 9. a3 Qc7 10. e5 Ne8 11. c5 Nd7 12. Bg5 Qd8 13. h4 f6 14. exf6 Nexf6 15.
Bf4 b6 16. b4 bxc5 17. bxc5 Nh5 18. Bg5 Bxg5 19. hxg5 g6 20. g3 Qe8 21. Kf1 e5
22. Re1 e4 23. Nxe4 dxe4 24. Rxe4 Qf7 25. Kg2 Rad8 26. Qe3 Rde8 27. Rhh4 Ng7
28. Rhf4 Nf5 29. Qe2 Rxe4 30. Rxe4 Qd5 31. g4 Ng7 32. Kg3 Rd8 33. Re7 Rf8 34.
Qe3 Rb8 35. Nd2 Nf8 36. Qf4 Re8 37. Rxa7 Nfe6 38. Qf6 Qd8 39. Qf7+ Kh8 40. Rd7
Qb8+ 41. Kg2 Rf8 42. Qe7 Qf4 0-1

[Event "Montreal op U2000"]
[Site "Montreal CAN"]
[Date "2016.09.10"]
[Round "3.1"]
[White "Dube, Daniel"]
[Black "Lalonde, Paul"]
[Result "1-0"]
[WhiteElo "1818"]
[BlackElo "1980"]
[PlyCount "141"]
[EventDate "2016.09.09"]
[EventType "swiss"]
[EventRounds "5"]
[EventCountry "CAN"]

1. e4 c5 2. Nf3 d6 3. d4 cxd4 4. Nxd4 Nf6 5. Nc3 a6 6. Bg5 e6 7. f4 Be7 8. Qf3
h6 9. Bh4 Qc7 10. Bxf6 Bxf6 11. O-O-O Bd7 12. h4 Nc6 13. Nb3 O-O-O 14. a3 Kb8
15. Kb1 Rc8 16. Qd3 Be7 17. e5 d5 18. Ne2 Rhd8 19. Ned4 Nxd4 20. Nxd4 Qb6 21.
Qb3 Bc5 22. Qxb6 Bxb6 23. Rh3 Rc7 24. c3 Ba4 25. Rd2 Re7 26. Rg3 f6 27. exf6
gxf6 28. Rg6 e5 29. Nf5 Re6 30. Ng7 Re7 31. Nf5 Re6 32. Ng7 Rc6 33. Nf5 e4 34.
Nd4 Rcd6 35. f5 Bd7 36. g4 Rh8 37. Ka2 Bc7 38. h5 Rb6 39. Rg7 Rc8 40. Ne2 Rd6
41. b3 Bc6 42. c4 Re8 43. c5 Rdd8 44. Nd4 Bf4 45. Rd1 Bd7 46. c6 bxc6 47. Bxa6
Rh8 48. b4 Be5 49. Nb3 Rhg8 50. Rxg8 Rxg8 51. Nc5 Bc8 52. Be2 Bd6 53. Nxe4 Re8
54. Nxd6 Rxe2+ 55. Kb3 Ba6 56. Nf7 Re3+ 57. Kb2 Re2+ 58. Kc3 Re3+ 59. Kd2 Rxa3
60. Nxh6 Rb3 61. Ng8 Rxb4 62. Nxf6 Rb3 63. Rg1 Rb2+ 64. Ke3 Rb3+ 65. Kf4 Be2
66. h6 Rh3 67. Nh5 Rf3+ 68. Kg5 Re3 69. h7 Re8 70. Nf6 Rh8 71. Re1 1-0

[Event "Montreal op U2000"]
[Site "Montreal CAN"]
[Date "2016.09.10"]
[Round "3.2"]
[White "Esterez, Emmanuel"]
[Black "Morin, Maxime"]
[Result "1-0"]
[WhiteElo "1899"]
[BlackElo "1662"]
[PlyCount "79"]
[EventDate "2016.09.09"]
[EventType "swiss"]
[EventRounds "5"]
[EventCountry "CAN"]

1. Nf3 d5 2. c4 c6 3. b3 Bg4 4. Bb2 e6 5. e3 Nf6 6. Be2 Bd6 7. O-O Nbd7 8. d3
Qc7 9. Nbd2 O-O 10. Re1 Rfe8 11. Qc2 Rad8 12. Rad1 h6 13. Nf1 a5 14. a3 Be7 15.
Ng3 Qb6 16. h3 Bxf3 17. Bxf3 Nc5 18. d4 Qxb3 19. Qxb3 Nxb3 20. cxd5 cxd5 21.
Be2 Rc8 22. Bd3 a4 23. Re2 Red8 24. Bb5 Ra8 25. Rc2 Bd6 26. Ne2 Ne4 27. f3 Ra5
28. Bd3 Nf6 29. Kf1 Kf8 30. g4 Ke7 31. e4 dxe4 32. fxe4 Bb8 33. Bc3 Ra8 34.
Bb4+ Ke8 35. Bb5+ Nd7 36. e5 f6 37. d5 exd5 38. e6 Be5 39. Rxd5 g5 40. e7 1-0